|
|
|
|
| LEADER |
00731nam a2200145Ia 4500 |
| 008 |
150624b xxu||||| |||| 00| 0 eng d |
| 082 |
|
|
|a 956.04
|
| 100 |
|
|
|a Fahmy, Ismail
|
| 245 |
|
|
|a Negotiating for peace in the Middle East /
|c Ismail Fahmy
|
| 260 |
|
|
|a London :
|b Croom Helm,
|c 1983.
|
| 300 |
|
|
|a 331 p.
|
| 505 |
|
|
|a 1. Sadat and I 2. October victory 3. My first encounter with Nixon 4. Kissinger starts his adventures in the middle east 5. The end of the oil embargo and the syrian -Israeli Disengagement 6. New frontiers for Egyptian foreign policy 7. Behind the Kr
|
| 942 |
|
|
|c BK
|
| 999 |
|
|
|c 37366
|d 37366
|
| 952 |
|
|
|0 0
|1 0
|4 0
|6 956_040000000000000_FAH_N
|7 0
|9 37365
|a UL
|b UL
|c ST2
|d 1998-09-01
|l 0
|o 956.04 FAH/N
|p 53887
|r 2012-10-27
|w 2012-10-27
|y BK
|